000 00797nam a2200325 a 4500
003 AR-BaBNM
005 20251128203958.0
008 082120s2002 ||||||||||||||000 | spa||
020 _a950-07-0437-4
040 _cAR-BaBNM
100 1 _aWalsh, María Elena
245 0 0 _aManuelita
250 _a4ª ed.
260 _aBuenos Aires
_bSudamericana
_c1993
300 _a31 p.
_bil.
500 _aContiene índice de las obras
500 _aLa fotografía de tapa es de Sara Facio
650 4 _aLITERATURA INFANTIL
650 4 _aLIBROS PARA NIÑOS
650 4 _aCULTURA
650 4 _aHUMANIDADES
650 4 _aHUMOR
650 4 _aPOESIA
650 4 _aCANCIONES
651 4 _aArgentina
655 _aLITERATURA
700 0 _aVilar
_eilustrador
942 _cBK
998 _cisola
999 _c5685
_d5685